Handbook of specialty elements in architecture. (Record no. 76113)

MARC details
000 -LEADER
fixed length control field 01008nam a2200265 a 4500
008 - FIXED-LENGTH DATA ELEMENTS--GENERAL INFORMATION
fixed length control field 120416s1982 ||||||||||||||||| || u
020 ## - INTERNATIONAL STANDARD BOOK NUMBER
International Standard Book Number 0070013608
050 ## - LIBRARY OF CONGRESS CALL NUMBER
Classification number NA 2540 Alp
100 ## - MAIN ENTRY--PERSONAL NAME
Personal name Alpern, Andrew
245 10 - TITLE STATEMENT
Title Handbook of specialty elements in architecture.
260 ## - PUBLICATION, DISTRIBUTION, ETC.
Place of publication, distribution, etc. London:
Name of publisher, distributor, etc. McGraw-Hill
Date of publication, distribution, etc. 1982
300 ## - PHYSICAL DESCRIPTION
Extent xix, 484 pages : illustrations
350 ## -
-- 0.00
650 ## - SUBJECT ADDED ENTRY--TOPICAL TERM
Topical term or geographic name entry element Fountains
650 ## - SUBJECT ADDED ENTRY--TOPICAL TERM
Topical term or geographic name entry element Symbolism in architecture
650 ## - SUBJECT ADDED ENTRY--TOPICAL TERM
Topical term or geographic name entry element BARRIER--FREE DESIGN
650 ## - SUBJECT ADDED ENTRY--TOPICAL TERM
Topical term or geographic name entry element Recreation centers
650 ## - SUBJECT ADDED ENTRY--TOPICAL TERM
Topical term or geographic name entry element ARCHITECTURAL DESIGN--EVALUATION
650 ## - SUBJECT ADDED ENTRY--TOPICAL TERM
Topical term or geographic name entry element Playgrounds
650 ## - SUBJECT ADDED ENTRY--TOPICAL TERM
Topical term or geographic name entry element TEXTBOOKS
650 ## - SUBJECT ADDED ENTRY--TOPICAL TERM
Topical term or geographic name entry element Lighting, Architectural and decorative
650 ## - SUBJECT ADDED ENTRY--TOPICAL TERM
Topical term or geographic name entry element LANDSCAPE ARCHITECTURE
995 ## -
-- MAIN LIBRARY OPEN ACCESS
-- 0.00
-- 707565
-- CBU-MAIN LIBRARY (Kitwe)
-- 1
-- 43.50
-- NA 2540 Alp
-- 1
-- AVAILABLE
-- 010180
-- Main Library Open Access Collection
995 ## -
-- REFERENCE BOOKS
-- 0.00
-- 720830
-- CBU-MAIN LIBRARY (Kitwe)
-- 2
-- 43.50
-- NA 2540 Han
-- 2
-- REFERENCE
-- 022870
-- Reference Collection
999 ## -
-- 76113
-- 76113
Holdings
Withdrawn status Lost status Source of classification or shelving scheme Damaged status Not for loan Permanent Location Current Location Shelving location Date acquired Total Checkouts Full call number Barcode Date last seen Copy number Price effective from Koha item type
          CBU-MAIN LIBRARY, KITWE. CBU-MAIN LIBRARY, KITWE.   04/25/2023   NA 2540 Alp 010180 04/25/2023 1 04/25/2023 MONOGRAPH
          CBU-MAIN LIBRARY, KITWE. CBU-MAIN LIBRARY, KITWE.   04/25/2023   NA 2540 Alp 022870 04/25/2023 2 04/25/2023 REFERENCE COLLECTION